| 000 | 00491nam a22001697a 4500 | ||
|---|---|---|---|
| 003 | OSt | ||
| 005 | 20140310182118.0 | ||
| 008 | 130115t xxu||||| |||| 00| 0 eng d | ||
| 050 |
_aTT 705 _b.An25 1985 |
||
| 082 |
_aHS 646.2 _b AND c1985 |
||
| 245 |
_aLearning to sew II : _cAndres, Herminia Hernando. _beasy to follow lessons / |
||
| 260 |
_aManila : _bRex Book Store, _cc1985. |
||
| 300 |
_avi, 117 p. ; _bill. _c22 cm. : |
||
| 650 |
_aSewing _913942 |
||
| 942 |
_2lcc _cHS |
||
| 999 |
_c9499 _d9499 |
||